Project Runway Season 2 - Statistics

General Stats
  • This quiz has been taken 120 times
  • The average score is 12 of 16
Answer Stats
Place Finished Designer % Correct
Winner Chloe Dao
100%
12th place Daniel Franco
100%
Runner up Daniel Vosovic
100%
8th place Emmett McCarthy
100%
3rd place Santino Rice
100%
16h place John Wade
80%
4th place Kara Janx
80%
5th place Nick Verreos
80%
6th place Andrae Gonzalo
60%
9th place Diana Eng
60%
11th place Guadalupe Vidal
60%
14th place Kirsten Ehrig
60%
10th place Marla Duran
60%
7th place Zulema Griffin
60%
15th place Heidi Standridge
40%
13th place Raymundo Baltazar
40%
No matching quizzes found
Score Distribution
Percent of People with Each Score
Percentile by Number Answered
Your Score History
You have not taken this quiz